000
00306nam a22001337a 4500
008
180103b xxu||||| |||| 00| 0 eng d
020
_a
389864001
041
_a
eng
080
_a
821
100
_a
21
101
_a
GJL
245
_a
Columbia Essays on Great Economists
_c
Chamberlin, E.H
942
_2
udc
_c
BK
999
_c
39608
_d
39608